Miasta najbliżej Morąga na litery A-Ż - Statystyki

Ogólne statystyki
  • Ten quiz został rozwiązany 9 razy
  • Średni wynik to 15 z 25
Statystyki odpowiedzi
Litera Odległość (km) Miasto % Poprawnych
E 43 Elbląg
100%
I 43 Iława
100%
O 25 Ostróda
100%
P 24 Pasłęk
100%
Ć 353 Ćmielów
83%
F 52 Frombork
83%
H 106 Hel
83%
L 47 Lubawa
83%
N 59 Nowe Miasto Lubawskie
83%
R 81 Reszel
83%
T 52 Tolkmicko
67%
U 212 Ustka
67%
W 88 Wielbark
67%
A 142 Aleksandrów Kujawski
50%
B 51 Barczewo
50%
J 54 Jeziorany
50%
Ż 95 Żuromin
50%
D 32 Dobre Miasto
33%
M 14 Miłakowo
33%
S 45 Susz
33%
Z 23 Zalewo
33%
C 97 Chorzele
17%
G 55 Górowo Iławeckie
17%
K 55 Kisielice
17%
Ł 71 Łasin
17%
Nie znaleziono quizów pasujących do podanych kryteriów
Rozkład punktacji
Procent ludzi z każdym wynikiem
Percentyl według liczby udzielonych odpowiedzi
Twoja historia wyników
Nie rozwiązałeś tego quizu